000 00289nam a22001337a 4500
008 210521b ||||| |||| 00| 0 eng d
041 _aeng
080 _a101
082 _a101
100 _a24
101 _aFIL
245 _aThe power of Positive Action
_cAppley,L.A
942 _2udc
_cBK
999 _c57566
_d57566